[Event "RSA-ch U08 Girls"]
[Site "Gauteng"]
[Date "2017.04.10"]
[Round "10"]
[White "Fouche, Estelle"]
[Black "Johnstone, Jessica"]
[Result "1-0"]
[WhiteElo "500"]
[BlackElo "591"]
[PlyCount "33"]
[EventDate "2017.04.05"]
[EventType "swiss"]
[EventRounds "11"]
[EventCountry "RSA"]
[SourceTitle "CBM 177 Extra"]
[Source "ChessBase"]
[SourceDate "2017.04.27"]
[SourceVersion "1"]
[SourceVersionDate "2017.04.27"]
[SourceQuality "1"]

1. d4 e6 2. Bf4 d5 3. e3 c6 4. Nf3 c5 5. Be2 Nc6 6. 0-0 Nf6 7. Nbd2 Bd6 8. Bg5 Qe7 9. Bh4 Qd8 10. Bb5 Bb8 11. Bg3 Qd7 12. Bxb8 Rxb8 13. Be2 Qc7 14. dxc5 Kf8 15. b3 Ng4 16. Re1 e5 17. e4 1-0

[Event "RSA-ch U08 Girls"]
[Site "Gauteng"]
[Date "2017.04.05"]
[Round "1"]
[White "Fouche, Estelle"]
[Black "Louis, Caitlyn"]
[Result "0-1"]
[WhiteElo "500"]
[BlackElo "636"]
[PlyCount "52"]
[EventDate "2017.04.05"]
[EventType "swiss"]
[EventRounds "11"]
[EventCountry "RSA"]
[SourceTitle "CBM 177 Extra"]
[Source "ChessBase"]
[SourceDate "2017.04.27"]
[SourceVersion "1"]
[SourceVersionDate "2017.04.27"]
[SourceQuality "1"]

1. d4 Nf6 2. Bf4 e6 3. e3 Nc6 4. Nf3 d5 5. Be2 g6 6. 0-0 Bg7 7. Nbd2 0-0 8. Rc1 Ne4 9. Qe1 Nxd2 10. Nxd2 b6 11. Bb5 Bb7 12. Nb3 a6 13. Bd3 Qd7 14. Qe2 Rfe8 15. Bg5 h6 16. Bh4 Nb4 17. a3 Nxd3 18. cxd3 Bc6 19. Bg3 Ba4 20. Nd2 c6 21. Be5 Bxe5 22. dxe5 Qe7 23. e4 dxe4 24. dxe4 Qg5 25. Nc4 Bb5 26. Nxb6 Bxe2 0-1